[Event "ESP-chT Regional U14"]
[Site "Padron"]
[Date "2017.06.23"]
[Round "3.3"]
[White "Castro Marquez, Andrea"]
[Black "Guillermo Gonzalez, Alvaro"]
[Result "0-1"]
[WhiteElo "1531"]
[BlackElo "1659"]
[PlyCount "128"]
[EventDate "2017.06.22"]
[EventType "team"]
[EventRounds "6"]
[EventCountry "ESP"]
[SourceTitle "EXT 2018"]
[Source "ChessBase"]
[SourceDate "2017.10.13"]
[SourceVersion "1"]
[SourceVersionDate "2017.10.13"]
[SourceQuality "1"]
[WhiteTeam "Andalucia (U14)"]
[BlackTeam "Canarias (U14)"]
[WhiteTeamCountry "ESP"]
[BlackTeamCountry "ESP"]

1. d4 Nf6 2. c4 g6 3. Nf3 Bg7 4. Nc3 0-0 5. g3 d6 6. Bg2 c5 7. 0-0 Nc6 8. b3 cxd4 9. Nxd4 Nxd4 10. Qxd4 Ne4 11. Qxe4 Bxc3 12. Rb1 Bf5 13. Qf3 Bg7 14. e4 Bd7 15. Bb2 Qa5 16. Bxg7 Kxg7 17. Qe2 Rab8 18. Rfd1 Be6 19. f4 Qc5+ 20. Qf2 Rfc8 21. e5 dxe5 22. fxe5 b5 23. Bd5 Qxf2+ 24. Kxf2 Rb6 25. cxb5 Rc2+ 26. Kg1 Rxa2 27. Rbc1 Re2 28. Bxe6 Rxe6 29. Re1 R2xe5 30. Rxe5 Rxe5 31. Rc7 Kf6 32. Rc6+ Re6 33. Rc5 Rb6 34. Kf2 a6 35. bxa6 Rxa6 36. Ke3 Rb6 37. Rc3 Rb4 38. Kd2 Ke5 39. Rd3 Rd4 40. Kc3 Rxd3+ 41. Kxd3 Kd5 42. h3 f5 43. Ke3 e5 44. Kd3 e4+ 45. Kc3 Kc5 46. b4+ Kb5 47. Kb3 g5 48. Kc3 f4 49. gxf4 gxf4 50. Kd4 f3 51. Ke3 Kxb4 52. Kd2 f2 53. Ke2 e3 54. Kf1 Kc3 55. Ke2 f1Q+ 56. Kxf1 Kd2 57. Kg2 e2 58. Kf2 e1Q+ 59. Kg2 Qe5 60. Kf3 h5 61. Kg2 Qe3 62. h4 Ke2 63. Kh2 Kf2 64. Kh1 Qh3# 0-1